| 000 | 004380000a22001810004500 | ||
|---|---|---|---|
| 003 | MACL | ||
| 005 | 20151231171956.0 | ||
| 008 | 151231b xxu||||| |||| 00| 0 eng d | ||
| 040 |
_aMACL _cMACL |
||
| 041 | _aEnglish | ||
| 082 | _a327/KUL | ||
| 100 |
_aKulkarni, V B _914311 |
||
| 245 | _aIs Pakistan Nesessary | ||
| 260 |
_bHind Kitabs _c1944 _aBombay |
||
| 350 | _a3 | ||
| 650 |
_aPolitical Science _926060 |
||
| 942 |
_cBK _k327/KUL _2ddc |
||
| 999 |
_c39321 _d39321 |
||